书目信息 |
| 题名: |
好老师,坏老师
|
|
| 作者: | 戈德斯坦 著 ;陈丽丽 译 | |
| 分册: | ||
| 出版信息: | 上海 上海译文出版社 2020.05 |
|
| 页数: | 303页 | |
| 开本: | 21cm | |
| 丛书名: | 译文纪实 | |
| 单 册: | ||
| 中图分类: | G571.21 | |
| 科图分类: | ||
| 主题词: | 教育改革--jiao yu gai ge--研究--美国 | |
| 电子资源: | ||
| ISBN: | 978-7-5327-8272-7 | |
| 000 | 01339nam 2200301 450 | |
| 001 | 0105143314 | |
| 005 | 20201105143350.0 | |
| 010 | @a978-7-5327-8272-7@dCNY48.00 | |
| 100 | @a20200604d2020 em y0chiy50 ea | |
| 101 | 1 | @achi@ceng |
| 102 | @aCN@b310000 | |
| 105 | @ay az 000yy | |
| 106 | @ar | |
| 200 | 1 | @a好老师,坏老师@Ahao lao shi, huai lao shi@e美国的公共教育改革@dThe teacher wars@f(美)达娜·戈德斯坦(Dana Goldstein)著@g陈丽丽译@zeng |
| 210 | @a上海@c上海译文出版社@d2020.05 | |
| 215 | @a303页@d21cm | |
| 225 | 2 | @a译文纪实@Ayi wen ji shi |
| 320 | @a有书目(第296-303页) | |
| 330 | @a其他国家的教师普遍受人尊重。在韩国,人们把教师称为“立国者”。在芬兰,男人和女人都把教师放到配偶最理想职业的前三名。然而美国有句老话--“无能者才会教别人”,这反映出美国人对于教育工作者居高临下的态度。要了解美国人对教师的看法,就必须了解美国教育的历史:对公共教育抱有过高期望,将其视为英才教育,但同时又不愿大力投资其中涉及的公共组织、教师和学校。 | |
| 461 | 0 | @12001 @a译文纪实 |
| 510 | 1 | @aTeacher wars@zeng |
| 517 | 1 | @a美国的公共教育改革@Amei guo de gong gong jiao yu gai ge |
| 606 | 0 | @a教育改革@Ajiao yu gai ge@x研究@y美国 |
| 690 | @aG571.21@v5 | |
| 701 | 1 | @c(美)@a戈德斯坦@Age de si tan@c(Goldstein, Dana)@4著 |
| 702 | 0 | @a陈丽丽@Achen li li@4译 |
| 801 | 0 | @aCN@bBJSZM@c20201105 |
| 905 | @b1262310-3@dG571.21@e99@f4 | |
| 好老师,坏老师:美国的公共教育改革=The teacher wars/(美)达娜·戈德斯坦(Dana Goldstein)著/陈丽丽译.-上海:上海译文出版社,2020.05 |
| 303页;21cm.-(译文纪实) |
| ISBN 978-7-5327-8272-7:CNY48.00 |
| 其他国家的教师普遍受人尊重。在韩国,人们把教师称为“立国者”。在芬兰,男人和女人都把教师放到配偶最理想职业的前三名。然而美国有句老话--“无能者才会教别人”,这反映出美国人对于教育工作者居高临下的态度。要了解美国人对教师的看法,就必须了解美国教育的历史:对公共教育抱有过高期望,将其视为英才教育,但同时又不愿大力投资其中涉及的公共组织、教师和学校。 |
| ● |
| 相关链接 |
|
|
|
|
正题名:好老师,坏老师
索取号:G571.21/99
 
预约/预借
| 序号 | 登录号 | 条形码 | 馆藏地/架位号 | 状态 | 备注 |
| 1 | 1262310 | 212623106 | 第一样本阅览室/ [索取号:G571.21/99] | 在馆 | |
| 2 | 1262311 | 212623115 | 教育系资料室/ [索取号:G571.21/99] | 在馆 | |
| 3 | 1262312 | 212623124 | 教育系资料室/ [索取号:G571.21/99] | 在馆 | |
| 4 | 1262313 | 212623133 | 第四借阅区/ [索取号:G571.21/99] | 在馆 |